00646nam a2200157 a 450000100100000000500170001000800410002704000250006808200150009310000280010824501280013626000640026430000300032895201130035899900170047100004012320201002033930.0130808s1928 fr c 000 0 spa d aDO-SdBNPbspacBNPHU axxxxbxxxx1 aRigaud, Candelon96638510aPromenades dans les campagnes d´haiti. :bagriculture, industrie, légendes, religions, superstitions /cCandelon Rigaud. aParis, France :bL´Edition Francaise Universelle,c[1928]. a220 p. :bretr. ;c20 cm. 001050718MOaPDbPDcCTd2013-08-08iLF1l0oxxxx xxxxp40123-10r2020-06-25w2020-06-25y1ZNo se presta c39613d39613